000 00915nam a22002417a 4500
999 _c65538
_d65538
005 20240530110830.0
008 190903s2006 ua a g b 000 0 ara d
017 _a2006/5761
_bمصر. دار الكتب
020 _a9773441385
040 _aEG-CaGPL
_cEG-CaGPL
082 0 4 _221
_a253.902 \
_bم أ
100 0 _aماجدة مخلوف
245 1 0 _aاوقاف نساء السلاطين العثمانيين :
_bوقفية زوجة السلطان سليمان القانونى على الحرمين الشريفين /
_cتحقيق وتقديم ماجدة مخلوف
250 _aط.1
260 _aالقاهرة :
_bدار الافاق العربية،
_c2006
300 _a62 ص. ؛
_c24 سم.
650 0 7 _2qrmak
_aالوقف
650 0 7 _aالحرمين الشريفين
_2qrmak
650 0 7 _aالاوقاف
_2qrmak
651 _2qrmak
942 _2ddc
_cBK